[Event "XII Festival A"]
[Site "Cesenatico ITA"]
[Date "2007.09.08"]
[Round "8"]
[White "Simeone, Donato"]
[Black "Bonacci, Mauro"]
[Result "0-1"]
[WhiteElo "2102"]
[BlackElo "2224"]
[PlyCount "53"]
[EventDate "2007.09.01"]

1. d4 Nf6 2. Nf3 g6 3. Nbd2 Bg7 4. e4 d6 5. Be2 O-O 6. O-O e5 7. dxe5 dxe5 8.
Re1 Nc6 9. c3 h6 10. Qc2 Qe7 11. b4 Rd8 12. a4 b6 13. Nc4 a6 14. Ne3 Bb7 15.
Nd2 Nb8 16. Ba3 Qe8 17. Red1 Nbd7 18. f3 h5 19. Bc4 Nf8 20. Ndf1 Bc6 21. Bb3
Ne6 22. Nd5 Bxd5 23. exd5 Nf4 24. Ne3 e4 25. g3 exf3 26. Qd2 Ne4 27. Qc2 0-1

[Event "XII Festival A"]
[Site "Cesenatico ITA"]
[Date "2007.09.08"]
[Round "8"]
[White "Skembris, Spyridon"]
[Black "Hiermann, Dietmar"]
[Result "1-0"]
[WhiteElo "2465"]
[BlackElo "2278"]
[PlyCount "89"]
[EventDate "2007.09.01"]

1. d4 d5 2. c4 e6 3. Nf3 Nf6 4. Nc3 Be7 5. Bg5 h6 6. Bh4 O-O 7. e3 b6 8. Rc1
Bb7 9. Bxf6 Bxf6 10. cxd5 exd5 11. b4 c6 12. Be2 Qd6 13. Qb3 Nd7 14. O-O Be7
15. Rb1 Bd8 16. Rfd1 Bc7 17. b5 c5 18. dxc5 Nxc5 19. Qb4 Rad8 20. Rd4 Qe6 21.
Rbd1 Ne4 22. Qb3 Nf6 23. Bd3 Bb8 24. Qb1 Qe7 25. g3 Rc8 26. Ne2 Ba8 27. Nh4 Be5
28. Nf5 Qb7 29. Qb4 Bxd4 30. Nexd4 Rc5 31. Nxg7 Rc4 32. Qd6 Rxd4 33. Qxf6 Rxd3
34. Rxd3 d4 35. f3 Qxf3 36. Qxf3 Bxf3 37. Nf5 Be2 38. Rxd4 Bxb5 39. Nxh6+ Kh7
40. Nf5 Kg6 41. g4 Be2 42. h3 b5 43. Kg2 Bc4 44. a4 Rb8 45. Nd6 1-0

[Event "XII Festival A"]
[Site "Cesenatico ITA"]
[Date "2007.09.08"]
[Round "8"]
[White "Tomba, Ivan"]
[Black "Voiska, Margarita"]
[Result "1-0"]
[WhiteElo "2244"]
[BlackElo "2314"]
[PlyCount "63"]
[EventDate "2007.09.01"]

1. e4 d6 2. d4 Nf6 3. Nc3 e5 4. Nf3 Nbd7 5. Bc4 Be7 6. O-O O-O 7. Re1 c6 8. a4
b6 9. Bg5 h6 10. Bh4 Nh5 11. Bxe7 Qxe7 12. Qd2 Qf6 13. Rad1 Nf4 14. dxe5 Nxe5
15. Nxe5 dxe5 16. Ne2 Bg4 17. f3 Rad8 18. Qe3 Nxe2+ 19. Bxe2 Be6 20. a5 c5 21.
Ra1 Rd4 22. axb6 axb6 23. Ra6 Bc8 24. Ra7 Rfd8 25. b3 Qd6 26. c3 Rd2 27. Bc4
Be6 28. Bd5 Rb2 29. c4 Bxd5 30. Qc3 Bxc4 31. Qxb2 Qd1 32. Rxd1 1-0

[Event "II Festival"]
[Site "Siracusa ITA"]
[Date "2007.09.02"]
[Round "1"]
[White "Alaimo, Riccardo"]
[Black "Olivieri, Lucio"]
[Result "1-0"]
[WhiteElo "2191"]
[BlackElo "1659"]
[PlyCount "55"]
[EventDate "2007.09.02"]

1. e4 d5 2. exd5 Qxd5 3. Nc3 Qd8 4. d4 Bf5 5. Nf3 Nf6 6. Bc4 e6 7. O-O Be7 8.
Qe2 O-O 9. Bg5 c6 10. a4 Nbd7 11. Rad1 h6 12. Bh4 Nb6 13. Bb3 a5 14. Rfe1 Bb4
15. Ne5 Re8 16. Qf3 Be7 17. Nxf7 Kxf7 18. Qxf5 Nbd5 19. Qxe6+ Kf8 20. Bxf6 Bxf6
21. Qxe8+ Qxe8 22. Rxe8+ Rxe8 23. Bxd5 cxd5 24. Kf1 Rd8 25. Ke2 Ke7 26. Kd3 Kd6
27. Re1 Rf8 28. f4 1-0

[Event "II Festival"]
[Site "Siracusa ITA"]
[Date "2007.09.02"]
[Round "1"]
[White "Attardi, Giovanni"]
[Black "Ferrigno, Vincenzo"]
[Result "0-1"]
[WhiteElo "1425"]
[BlackElo "1754"]
[PlyCount "74"]
[EventDate "2007.09.02"]

1. e4 c5 2. Nf3 d6 3. h3 Nf6 4. Nc3 a6 5. Be2 e6 6. O-O Be7 7. b3 Nbd7 8. Bb2
b5 9. d3 O-O 10. Nh2 Bb7 11. Bf3 Ne5 12. Ne2 Nfd7 13. Bxe5 Nxe5 14. Rb1 d5 15.
exd5 exd5 16. d4 Nxf3+ 17. Nxf3 c4 18. c3 Bd6 19. Qc2 Re8 20. Ng3 Re6 21. Rbe1
Rf6 22. Re2 Bc8 23. Ne5 Re6 24. Rfe1 Bb7 25. Qf5 Qc7 26. Qc2 Rae8 27. Kh2 b4
28. Nf3 cxb3 29. Qd3 Rxe2 30. Rxe2 Rxe2 31. Qxe2 bxa2 32. Qxa2 bxc3 33. Qc2 h6
34. Ne1 Bc8 35. Kg1 Bxg3 36. fxg3 Qxg3 37. Qc1 Bxh3 0-1

[Event "II Festival"]
[Site "Siracusa ITA"]
[Date "2007.09.02"]
[Round "1"]
[White "Bottino, Alexiei"]
[Black "Cappello, Antonino"]
[Result "1-0"]
[WhiteElo "2030"]
[BlackElo "1613"]
[PlyCount "89"]
[EventDate "2007.09.02"]

1. e4 g6 2. d4 Bg7 3. Nc3 e6 4. Be3 Ne7 5. h4 h6 6. g4 d6 7. Nge2 Nd7 8. Ng3 a6
9. Bg2 b6 10. e5 d5 11. Nce2 c5 12. c3 c4 13. f4 b5 14. f5 gxf5 15. gxf5 exf5
16. Nf4 Nb6 17. Qh5 Ra7 18. Bh3 O-O 19. Qf3 Ng6 20. Bxf5 Nxh4 21. Qh5 Nxf5 22.
Nxf5 Bxf5 23. Qxf5 Qg5 24. Qxg5 hxg5 25. Nh5 f6 26. O-O-O Re7 27. Rhg1 Nd7 28.
exf6 Nxf6 29. Nxf6+ Bxf6 30. Bxg5 Rg7 31. Bh6 Bg5+ 32. Rxg5 Rxg5 33. Bxg5 Rf5
34. Rg1 Kf7 35. Rg2 Ke6 36. Bh4 a5 37. Re2+ Kd6 38. Kd2 b4 39. Re5 bxc3+ 40.
bxc3 Rxe5 41. dxe5+ Ke6 42. Bg3 a4 43. Ke3 Kd7 44. Kd4 Ke6 45. a3 1-0

[Event "II Festival"]
[Site "Siracusa ITA"]
[Date "2007.09.02"]
[Round "1"]
[White "Condorelli, Roberto"]
[Black "Zimmer, Hans Werner"]
[Result "0-1"]
[WhiteElo "1575"]
[BlackElo "2011"]
[PlyCount "64"]
[EventDate "2007.09.02"]

1. Nf3 Nf6 2. c4 c5 3. Nc3 Nc6 4. g3 g6 5. d4 cxd4 6. Nxd4 Bg7 7. Nxc6 bxc6 8.
Bg2 O-O 9. O-O Rb8 10. Rb1 Qa5 11. Bf4 Rb4 12. b3 Ba6 13. Na4 Rxa4 14. bxa4
Bxc4 15. Qc2 Qa6 16. Rfe1 Nd5 17. Bf1 Nxf4 18. gxf4 d5 19. Rec1 Bf6 20. e4 Bxf1
21. Rxf1 Qc8 22. f3 Bd4+ 23. Kg2 dxe4 24. fxe4 c5 25. Qe2 Qc6 26. Qf3 Qxa4 27.
Rb2 Bxb2 28. Rd1 Bd4 29. f5 Rb8 30. Kh3 Qxa2 31. fxg6 hxg6 32. Rf1 Rb3 0-1

[Event "II Festival"]
[Site "Siracusa ITA"]
[Date "2007.09.02"]
[Round "1"]
[White "Corsino, Gianluca"]
[Black "Parla, Aldo"]
[Result "1-0"]
[WhiteElo "2004"]
[BlackElo "1562"]
[PlyCount "77"]
[EventDate "2007.09.02"]

1. d4 e6 2. c4 f5 3. Nf3 Nf6 4. g3 c6 5. c5 d5 6. cxd6 Bxd6 7. Bg2 O-O 8. Nc3
Nbd7 9. Qb3 Nb6 10. Ng5 Qe8 11. e4 fxe4 12. Ngxe4 Nxe4 13. Nxe4 Be7 14. O-O Nd5
15. Bd2 Bf6 16. Bb4 Nxb4 17. Qxb4 Be7 18. Qb3 Kh8 19. f4 a5 20. Rfe1 a4 21. Qc4
b5 22. Qc2 Qd7 23. Rad1 Ra6 24. Bh3 Qd5 25. Nc5 Bxc5 26. Qxc5 Qxc5 27. dxc5 Re8
28. Rd6 h6 29. Bxe6 Ra7 30. Rxc6 Rae7 31. f5 g6 32. Kf2 gxf5 33. Rxc8 Rxc8 34.
Bxc8 Rc7 35. Bxf5 Rxc5 36. g4 Kg7 37. Re7+ Kf6 38. Re6+ Kg5 39. Rg6+ 1-0

[Event "II Festival"]
[Site "Siracusa ITA"]
[Date "2007.09.02"]
[Round "1"]
[White "Cultrera, Salvatore"]
[Black "Valenti, Giuseppe"]
[Result "0-1"]
[WhiteElo "1681"]
[BlackElo "2221"]
[PlyCount "78"]
[EventDate "2007.09.02"]

1. d4 Nf6 2. Nf3 e6 3. c4 c5 4. Nc3 cxd4 5. Nxd4 a6 6. Bg5 h6 7. Bh4 Be7 8. e4
d6 9. Be2 Qc7 10. f3 Nbd7 11. Rc1 O-O 12. O-O Re8 13. Bf2 b6 14. Qb3 Bb7 15.
Na4 Rab8 16. Nc2 Ba8 17. Rfd1 Nc5 18. Nxc5 bxc5 19. Qc3 Nd7 20. Ne3 Bf6 21. Qd3
Rxb2 22. Rb1 Bd4 23. Nc2 Bxf2+ 24. Kxf2 Rxb1 25. Rxb1 Rb8 26. Rd1 Rb6 27. Ne3
Ne5 28. Qd2 Qb8 29. f4 Ng6 30. f5 Ne5 31. fxe6 fxe6 32. Kg3 d5 33. Kh3 Rb2 34.
Qe1 Ng6 35. g3 d4 36. Bh5 Bxe4 37. Bxg6 Bxg6 38. Ng4 Bf5 39. Rd2 h5 0-1

[Event "II Festival"]
[Site "Siracusa ITA"]
[Date "2007.09.02"]
[Round "1"]
[White "Fernandez, Gianluca"]
[Black "Minniti, Giuseppe"]
[Result "1-0"]
[WhiteElo "1502"]
[BlackElo "1827"]
[PlyCount "113"]
[EventDate "2007.09.02"]

1. d4 Nf6 2. Nf3 e6 3. Bf4 b6 4. e3 Bb7 5. Be2 Ne4 6. Nbd2 f5 7. O-O Be7 8.
Nxe4 Bxe4 9. Nd2 Bb7 10. Bf3 Qc8 11. Bxb7 Qxb7 12. Qh5+ g6 13. Qh6 Nc6 14. Nc4
O-O-O 15. Ne5 g5 16. Nf7 gxf4 17. Nxd8 Bxd8 18. Qxf4 Rg8 19. g3 Ne7 20. Qh6 Ng6
21. Qxh7 Nh4 22. f3 Rg6 23. Rf2 Qc6 24. Qh5 e5 25. f4 Rh6 26. Qe2 Ng6 27. fxe5
Ne7 28. Qf3 Qxf3 29. Rxf3 c6 30. c4 Bc7 31. Re1 b5 32. b3 Bb6 33. Rf4 a6 34.
Kg2 Rh5 35. Ref1 Ba5 36. R1f2 Be1 37. Re2 Bc3 38. e4 Bxd4 39. exf5 Nxf5 40. g4
Bxe5 41. gxh5 Bxf4 42. Re8+ Kc7 43. Rf8 Ne3+ 44. Kf3 Bh6 45. Rf6 Bg5 46. Rg6
bxc4 47. bxc4 Bh6 48. Rxh6 Nxc4 49. Rf6 Ne5+ 50. Kg3 d5 51. h6 Nd7 52. Rf7 Kd6
53. h7 Ne5 54. Rg7 Nc4 55. h8=Q Kc5 56. Qf8+ Kb5 57. Rb7+ 1-0

[Event "II Festival"]
[Site "Siracusa ITA"]
[Date "2007.09.02"]
[Round "1"]
[White "Grandinetti, Pietro"]
[Black "Mangiafico, Francesco"]
[Result "1-0"]
[WhiteElo "1726"]
[BlackElo "1392"]
[PlyCount "73"]
[EventDate "2007.09.02"]

1. e4 c5 2. Nf3 d6 3. d4 cxd4 4. Nxd4 Nf6 5. Nc3 a6 6. Bg5 e6 7. f4 Be7 8. Qf3
Nc6 9. O-O-O h6 10. Bh4 Qc7 11. Be2 e5 12. Nb3 Be6 13. Kb1 Bxb3 14. cxb3 Nd4
15. Qd3 b5 16. Bf2 b4 17. Na4 Nxe2 18. Qxe2 exf4 19. Rc1 Qb7 20. Rc4 O-O 21.
Nb6 Rab8 22. Rhc1 Bd8 23. Nc8 Ne8 24. Qd2 Bg5 25. h4 Bf6 26. Qxf4 g5 27. Qd2
Kh7 28. Qd3 Kg7 29. Bd4 Bxd4 30. Qxd4+ f6 31. Nxd6 Qb6 32. Nxe8+ Rfxe8 33. Qd7+
Kg6 34. h5+ Kxh5 35. Qf5 Qf2 36. Rh1+ Qh4 37. g4# 1-0

[Event "II Festival"]
[Site "Siracusa ITA"]
[Date "2007.09.02"]
[Round "1"]
[White "Ljubisavljevic, Zivojin Z."]
[Black "Carnemolla, Giampaolo"]
[Result "1-0"]
[WhiteElo "2296"]
[BlackElo "1692"]
[PlyCount "108"]
[EventDate "2007.09.02"]

1. b3 e5 2. Bb2 Nc6 3. e3 d6 4. Bb5 a6 5. Bxc6+ bxc6 6. d4 e4 7. d5 Qg5 8. g3
Bg4 9. Qd4 Qxd5 10. Qxd5 cxd5 11. h3 Be6 12. Ne2 Ne7 13. Nf4 Ng6 14. Nc3 c6 15.
Nce2 Ne5 16. O-O-O g5 17. Nh5 Be7 18. Nd4 Kd7 19. g4 Rhc8 20. f4 exf3 21. Rhf1
c5 22. Nxf3 Nxg4 23. hxg4 Bxg4 24. Nf6+ Bxf6 25. Bxf6 Bh3 26. Rg1 h6 27. Bg7 g4
28. Nh4 Ke6 29. Ng2 Bxg2 30. Rxg2 h5 31. Rh1 Rg8 32. Bh6 Rg6 33. Bf4 Rh8 34.
Rh4 Kf5 35. Kd2 Ke4 36. Ke2 d4 37. Rf2 Rf6 38. Rfh2 dxe3 39. Bxe3 Rf3 40. Bd2
f5 41. Rxh5 Rxh5 42. Rxh5 g3 43. Rh6 Rf2+ 44. Ke1 Kf3 45. Rxd6 Re2+ 46. Kf1
Rf2+ 47. Ke1 Rh2 48. Rd3+ Kg4 49. Kf1 f4 50. Bxf4 Kxf4 51. Rc3 Ke4 52. Rxc5 Kf3
53. Rc3+ Kf4 54. Rc6 Kf3 1-0

[Event "II Festival"]
[Site "Siracusa ITA"]
[Date "2007.09.02"]
[Round "1"]
[White "Lo Bosco, Salvatore"]
[Black "Cordaro, Giovanni"]
[Result "1-0"]
[WhiteElo "1822"]
[BlackElo "1497"]
[PlyCount "35"]
[EventDate "2007.09.02"]

1. Nf3 d5 2. g3 Nf6 3. Bg2 Nc6 4. O-O e5 5. d3 h6 6. Nbd2 Bd6 7. e4 dxe4 8.
dxe4 O-O 9. Re1 Bg4 10. h3 Be6 11. Nf1 Qd7 12. g4 Ne7 13. Ng3 Rfd8 14. Qe2 Ng6
15. Nf5 Bxf5 16. gxf5 Nf4 17. Bxf4 exf4 18. e5 1-0

[Event "II Festival"]
[Site "Siracusa ITA"]
[Date "2007.09.02"]
[Round "1"]
[White "Minniti, Cristiano"]
[Black "Arrabito, Gianfranco"]
[Result "0-1"]
[WhiteElo "1548"]
[BlackElo "1968"]
[PlyCount "58"]
[EventDate "2007.09.02"]

1. e4 e5 2. d4 d6 3. Nf3 exd4 4. Nxd4 Nf6 5. Nc3 Be7 6. Be3 O-O 7. h3 Nbd7 8.
Qd2 c6 9. Bd3 Nc5 10. O-O-O Qc7 11. g4 b5 12. g5 b4 13. gxf6 bxc3 14. Qxc3 Bxf6
15. Rdg1 Ne6 16. Qxc6 Bxd4 17. Qxc7 Bxe3+ 18. fxe3 Nxc7 19. h4 Ba6 20. Bxa6
Nxa6 21. h5 Nc5 22. Rh4 Rae8 23. Rhg4 g6 24. hxg6 fxg6 25. Rd1 Rxe4 26. Rxd6
Rxg4 27. Rd7 Nxd7 28. e4 Rg2 29. e5 Rf1# 0-1

[Event "II Festival"]
[Site "Siracusa ITA"]
[Date "2007.09.02"]
[Round "1"]
[White "Minniti, Elenamaria"]
[Black "Russo, Alfio"]
[Result "0-1"]
[WhiteElo "1518"]
[BlackElo "1928"]
[PlyCount "47"]
[EventDate "2007.09.02"]

1. e4 c5 2. Nf3 d6 3. d4 cxd4 4. Nxd4 Nf6 5. Nc3 a6 6. Bc4 e6 7. Nf3 b5 8. Bb3
Qc7 9. Bf4 Nbd7 10. O-O Be7 11. Re1 Ne5 12. Nxe5 dxe5 13. Bg3 O-O 14. a3 Rd8
15. Qe2 Bb7 16. Rad1 b4 17. Rxd8+ Rxd8 18. Nd1 bxa3 19. bxa3 Bxa3 20. f3 Bb4
21. Rf1 Rd2 22. Qe3 Bc5 23. Bf2 Bxe3 24. Nxe3 0-1

[Event "II Festival"]
[Site "Siracusa ITA"]
[Date "2007.09.02"]
[Round "1"]
[White "Nobile, Stefano"]
[Black "Polak, Tomas"]
[Result "1/2-1/2"]
[WhiteElo "1713"]
[BlackElo "2544"]
[PlyCount "72"]
[EventDate "2007.09.02"]

1. d4 Nf6 2. Nf3 e6 3. e3 b6 4. Bd3 Bb7 5. c4 d5 6. Nc3 Nbd7 7. O-O Bd6 8. Qe2
O-O 9. b3 Ne4 10. Bb2 f5 11. cxd5 exd5 12. Rac1 a6 13. a3 Rf6 14. Bb1 Rh6 15.
g3 Kh8 16. Nxe4 fxe4 17. Ne5 Bxe5 18. dxe5 Nc5 19. Qd1 Ne6 20. f4 exf3 21. Qxf3
Ng5 22. Qf5 d4 23. e4 c5 24. b4 Ne6 25. Ba2 Qe7 26. Qf7 Qxf7 27. Rxf7 Bxe4 28.
Bxe6 Rxe6 29. bxc5 d3 30. Rd7 bxc5 31. Rxc5 Rf8 32. Bc3 h6 33. Rc4 Bg6 34. Rcc7
Rg8 35. Kf2 Bf5 36. Rf7 Bg6 1/2-1/2

[Event "II Festival"]
[Site "Siracusa ITA"]
[Date "2007.09.02"]
[Round "1"]
[White "Rettore, Ludwig"]
[Black "Conti, Silvano"]
[Result "1-0"]
[WhiteElo "2182"]
[BlackElo "1652"]
[PlyCount "89"]
[EventDate "2007.09.02"]

1. e4 e6 2. d4 d5 3. Nc3 Nf6 4. Bg5 Be7 5. e5 Nfd7 6. Bxe7 Qxe7 7. f4 O-O 8.
Nf3 f6 9. Bd3 fxe5 10. fxe5 a6 11. h4 c5 12. Ng5 g6 13. dxc5 Nxe5 14. Qe2 Nxd3+
15. cxd3 Nc6 16. O-O-O Bd7 17. d4 Rae8 18. Qd2 Qg7 19. Nf3 Nd8 20. Ne5 Nc6 21.
Nxd7 Qxd7 22. h5 Rf6 23. Rdf1 Ref8 24. Rxf6 Rxf6 25. hxg6 Rxg6 26. Qe3 Qe7 27.
Re1 Qf7 28. Ne2 Qf6 29. Nf4 Rg4 30. Nxe6 Re4 31. Qg3+ Kh8 32. Rxe4 dxe4 33. d5
Qf1+ 34. Kd2 e3+ 35. Kxe3 Qc1+ 36. Kf3 Qd1+ 37. Kf4 Qf1+ 38. Kg4 Qd1+ 39. Kh3
Qh5+ 40. Qh4 Qf5+ 41. Qg4 Qd3+ 42. Kh2 Qg6 43. Qxg6 hxg6 44. dxc6 bxc6 45. Nd4
1-0

[Event "II Festival"]
[Site "Siracusa ITA"]
[Date "2007.09.02"]
[Round "1"]
[White "Rizza, Francesco"]
[Black "Valguarnera, Girolamo"]
[Result "0-1"]
[WhiteElo "1653"]
[BlackElo "2185"]
[PlyCount "50"]
[EventDate "2007.09.02"]

1. d4 Nf6 2. c4 g6 3. Nc3 Bg7 4. e4 d6 5. Nf3 O-O 6. Be2 e5 7. d5 Nbd7 8. Bg5
h6 9. Bh4 a6 10. Nd2 Qe8 11. O-O Nh7 12. f3 Ng5 13. b4 f5 14. Bf2 Nf6 15. c5
Nh5 16. Nc4 Nf4 17. cxd6 b5 18. dxc7 bxc4 19. Bxc4 Kh8 20. Na4 fxe4 21. Bc5
exf3 22. Bxf8 Bxf8 23. Nb6 fxg2 24. Rxf4 exf4 25. Nxa8 f3 0-1

[Event "II Festival"]
[Site "Siracusa ITA"]
[Date "2007.09.02"]
[Round "1"]
[White "Rosolia, Giuseppe"]
[Black "Tibaldeschi, Attilio"]
[Result "1/2-1/2"]
[WhiteElo "1930"]
[BlackElo "1532"]
[PlyCount "144"]
[EventDate "2007.09.02"]

1. Nf3 Nc6 2. g3 d6 3. d3 Nf6 4. c3 e6 5. Bg2 Bd7 6. e4 Rb8 7. O-O Be7 8. Re1
O-O 9. b4 a6 10. Nbd2 Ne5 11. Qc2 c5 12. Nxe5 dxe5 13. a3 Rc8 14. Rb1 cxb4 15.
axb4 b5 16. Nb3 Bxb4 17. Bb2 Bd6 18. f4 Ng4 19. h3 Qb6+ 20. d4 Nf6 21. fxe5
Bxe5 22. Kh2 Bxd4 23. Nxd4 Qxd4 24. Rbd1 Qa7 25. Qd2 e5 26. Ba3 Rfe8 27. g4 h6
28. g5 hxg5 29. Qxg5 Nh7 30. Qg3 Qc7 31. Bd6 Qxc3 32. Rd3 Qc6 33. Bxe5 Rxe5 34.
Qxe5 Qe6 35. Qd4 Bc6 36. h4 Qg4 37. Rg3 Qxh4+ 38. Bh3 Nf6 39. Reg1 g6 40. Qa7
Bd7 41. R1g2 Ng4+ 42. Rxg4 Bxg4 43. Rxg4 Rc2+ 44. Rg2 Qf4+ 45. Kh1 Rc1+ 46. Rg1
Qxe4+ 47. Kh2 Qf4+ 48. Kh1 Rc3 49. Qd7 Qf3+ 50. Kh2 Rd3 51. Qe8+ Kg7 52. Qe5+
Qf6 53. Qc7 Qd6+ 54. Qxd6 Rxd6 55. Ra1 f5 56. Bg2 Rb6 57. Kg3 g5 58. Bh3 Kf6
59. Rf1 f4+ 60. Kf3 b4 61. Bg4 b3 62. Rh1 Kg7 63. Bf5 b2 64. Rh7+ Kg8 65. Rh1
a5 66. Kg4 a4 67. Kxg5 a3 68. Bb1 Rb4 69. Rf1 Kg7 70. Rxf4 Rxf4 71. Kxf4 Kf6
72. Ke3 Ke5 1/2-1/2

[Event "II Festival"]
[Site "Siracusa ITA"]
[Date "2007.09.02"]
[Round "1"]
[White "Salvaggio, Salvatore"]
[Black "Mica, Francesco"]
[Result "1-0"]
[WhiteElo "1766"]
[BlackElo "1437"]
[PlyCount "90"]
[EventDate "2007.09.02"]

1. d4 Nf6 2. c4 g6 3. Nc3 Bg7 4. e4 d6 5. Nf3 O-O 6. Be2 c5 7. d5 Qb6 8. O-O
Bg4 9. Rb1 Nbd7 10. Be3 Bxf3 11. Bxf3 Ne5 12. Be2 Qd8 13. f4 Bh6 14. Bc1 Ned7
15. Qd3 e5 16. dxe6 fxe6 17. Qh3 Bg7 18. Qxe6+ Rf7 19. Qxd6 Qf8 20. Qxf8+ Raxf8
21. e5 Nh5 22. Bxh5 gxh5 23. e6 Re7 24. exd7 Rxd7 25. Nd5 b5 26. b3 h4 27. Bb2
Bh6 28. f5 h3 29. gxh3 Bg5 30. f6 Kf7 31. Rf5 Rg8 32. Kh1 Rg6 33. Rbf1 Rd8 34.
Ne7 Bxf6 35. Nxg6 hxg6 36. Rxf6+ Ke7 37. Re1+ Kd7 38. cxb5 Kc8 39. Rc6+ Kb7 40.
Re7+ Ka8 41. Be5 c4 42. bxc4 g5 43. Rcc7 Rd1+ 44. Kg2 Rd2+ 45. Kf3 Rxa2 1-0

[Event "II Festival"]
[Site "Siracusa ITA"]
[Date "2007.09.02"]
[Round "1"]
[White "Timoshenko, Georgy"]
[Black "Di Martino, Giancarlo"]
[Result "1-0"]
[WhiteElo "2559"]
[BlackElo "1724"]
[PlyCount "39"]
[EventDate "2007.09.02"]

1. e4 d6 2. d4 Nf6 3. Nc3 g6 4. Be3 Ng4 5. Bg5 h6 6. Bh4 Bg7 7. Be2 h5 8. h3
Nh6 9. Nf3 c5 10. dxc5 Bxc3+ 11. bxc3 dxc5 12. Qxd8+ Kxd8 13. O-O-O+ Kc7 14.
Bxe7 Re8 15. Bg5 Ng8 16. Bc4 Be6 17. Bxe6 fxe6 18. Ne5 Ne7 19. Bf4 Rf8 20.
Nxg6+ 1-0

[Event "II Festival"]
[Site "Siracusa ITA"]
[Date "2007.09.02"]
[Round "1"]
[White "Tondo, Salvatore"]
[Black "Monica, Vincenzo"]
[Result "1-0"]
[WhiteElo "1915"]
[BlackElo "1514"]
[PlyCount "51"]
[EventDate "2007.09.02"]

1. e4 e5 2. Nf3 Nc6 3. Bb5 Nf6 4. O-O a6 5. Bxc6 dxc6 6. Nxe5 Bc5 7. d3 O-O 8.
h3 Re8 9. Nf3 Be6 10. Bg5 Qd7 11. Ne5 Qd4 12. Nf3 Qd7 13. d4 Rad8 14. e5 Ne4
15. Bxd8 Rxd8 16. Qe2 Bxd4 17. Qxe4 Bxb2 18. Nbd2 Bd5 19. Qg4 Be6 20. Qg3 Bxa1
21. Rxa1 Bd5 22. Nf1 Qe6 23. Ng5 Qg6 24. Ne3 Be4 25. Nxe4 Qxe4 26. Qg5 1-0

[Event "II Festival"]
[Site "Siracusa ITA"]
[Date "2007.09.02"]
[Round "1"]
[White "Tumino, Andrea"]
[Black "Agnello, Giuseppe"]
[Result "0-1"]
[WhiteElo "1637"]
[BlackElo "2136"]
[PlyCount "48"]
[EventDate "2007.09.02"]

1. e4 c5 2. Nf3 d6 3. d4 cxd4 4. Nxd4 Nf6 5. Nc3 g6 6. Be2 Bg7 7. O-O O-O 8.
Be3 Nc6 9. Nb3 Be6 10. f4 Qc8 11. Bf3 Rd8 12. Qe2 d5 13. Rfd1 dxe4 14. Nxe4
Nxe4 15. Bxe4 Bxb2 16. Rab1 Bf6 17. h3 Qc7 18. Nc5 Nd4 19. Qf2 Qxc5 20. Rbc1
Qc4 21. Rd3 Ne2+ 22. Qxe2 Qxe4 23. Rcd1 Rxd3 24. Rxd3 Bc4 0-1

[Event "II Festival"]
[Site "Siracusa ITA"]
[Date "2007.09.03"]
[Round "2"]
[White "Agnello, Giuseppe"]
[Black "Grandinetti, Pietro"]
[Result "0-1"]
[WhiteElo "2136"]
[BlackElo "1726"]
[PlyCount "56"]
[EventDate "2007.09.02"]

1. e4 c5 2. Nf3 d6 3. d4 cxd4 4. Nxd4 Nf6 5. Nc3 a6 6. Be3 Ng4 7. Bg5 h6 8. Bh4
g5 9. Bg3 Bg7 10. Be2 h5 11. Bxg4 hxg4 12. Qd2 Qb6 13. O-O-O Nc6 14. Nb3 Be6
15. Nd5 Bxd5 16. exd5 Ne5 17. Qd4 Qc7 18. Rhe1 Rc8 19. Re2 Kf8 20. Qe4 Bf6 21.
Nd4 Qc4 22. Kb1 Qc7 23. Nf5 Qb6 24. Re3 Rc4 25. Rd4 Qb5 26. Bxe5 Bxe5 27. Rb3
Rxd4 28. Qe1 Qxd5 0-1

[Event "II Festival"]
[Site "Siracusa ITA"]
[Date "2007.09.03"]
[Round "2"]
[White "Arrabito, Gianfranco"]
[Black "Ljubisavljevic, Zivojin Z."]
[Result "0-1"]
[WhiteElo "1968"]
[BlackElo "2296"]
[PlyCount "68"]
[EventDate "2007.09.02"]

1. f4 d5 2. d4 Bf5 3. e3 e6 4. Nf3 Nf6 5. Bd3 c6 6. c3 Nbd7 7. O-O Qb6 8. Bxf5
exf5 9. Nbd2 Bd6 10. Ne5 g6 11. Ndf3 O-O 12. Qe1 Rad8 13. Qh4 Ne4 14. g4 fxg4
15. Nxg4 f5 16. Nge5 Qc7 17. Ng5 Nxg5 18. Qxg5 Nf6 19. Rf3 Ne4 20. Qh6 Qg7 21.
Qxg7+ Kxg7 22. Nd3 Rde8 23. Nf2 h6 24. Nxe4 fxe4 25. Rf1 g5 26. fxg5 Rxf1+ 27.
Kxf1 hxg5 28. Kg2 Rh8 29. h3 g4 30. Bd2 gxh3+ 31. Kh1 Rf8 32. Rg1+ Kh6 33. Be1
h2 34. Rg3 Rf1+ 0-1

[Event "II Festival"]
[Site "Siracusa ITA"]
[Date "2007.09.03"]
[Round "2"]
[White "Cappello, Antonino"]
[Black "Attardi, Giovanni"]
[Result "1/2-1/2"]
[WhiteElo "1613"]
[BlackElo "1425"]
[PlyCount "62"]
[EventDate "2007.09.02"]

1. d4 d5 2. c4 Nf6 3. Nc3 e6 4. Nf3 Bb4 5. Bd2 O-O 6. a3 Bxc3 7. Bxc3 Ne4 8.
cxd5 Nxc3 9. bxc3 exd5 10. h4 Be6 11. Qc2 h6 12. e4 c6 13. e5 Nd7 14. Bd3 f6
15. Bh7+ Kh8 16. h5 f5 17. Bg6 b5 18. a4 a6 19. Nh4 Qe7 20. Bxf5 Bxf5 21. Qxf5
Rxf5 22. Ng6+ Kh7 23. Nxe7 Rg5 24. g3 Nxe5 25. Ke2 Nd7 26. Nxc6 Rc8 27. axb5
axb5 28. Ra6 Nf6 29. Kd3 Rxh5 30. Rxh5 Nxh5 31. Ra5 Rxc6 1/2-1/2

[Event "II Festival"]
[Site "Siracusa ITA"]
[Date "2007.09.03"]
[Round "2"]
[White "Carnemolla, Giampaolo"]
[Black "Minniti, Elenamaria"]
[Result "1-0"]
[WhiteElo "1692"]
[BlackElo "1518"]
[PlyCount "114"]
[EventDate "2007.09.02"]

1. e4 c5 2. Nf3 d6 3. d4 cxd4 4. Nxd4 Nc6 5. c4 Nf6 6. Nc3 g6 7. Be2 Bg7 8. Be3
O-O 9. Qd2 Nxd4 10. Bxd4 Bd7 11. Rd1 Bc6 12. f3 Rc8 13. Bxa7 b6 14. e5 Nd7 15.
exd6 Re8 16. Ne4 Ra8 17. Bxb6 Nxb6 18. b3 Bxe4 19. fxe4 Qxd6 20. O-O Qxd2 21.
Rxd2 Red8 22. Rfd1 Rxd2 23. Rxd2 Bh6 24. Rc2 Nd7 25. Kf1 Nc5 26. Bf3 e5 27. b4
Nd3 28. b5 Ra4 29. c5 Nb4 30. Rc4 Bf8 31. c6 Ra8 32. c7 Rc8 33. Bg4 f5 34. exf5
Nd5 35. Ke2 Rxc7 36. Rxc7 Nxc7 37. b6 Na6 38. fxg6 hxg6 39. b7 Kf7 40. Bf3 Kf6
41. a4 Kf5 42. Bd5 Bd6 43. Bc4 Nc5 44. a5 Bb8 45. a6 Ke4 46. h4 Kd4 47. Bf7 e4
48. Bxg6 e3 49. h5 Nb3 50. Kd1 Kc3 51. h6 Nd4 52. Bh5 Nc6 53. h7 Be5 54. Bf3
Kd3 55. b8=Q Nxb8 56. a7 Na6 57. a8=Q Nc7 1-0

[Event "II Festival"]
[Site "Siracusa ITA"]
[Date "2007.09.03"]
[Round "2"]
[White "Corsino, Gianluca"]
[Black "Timoshenko, Georgy"]
[Result "0-1"]
[WhiteElo "2004"]
[BlackElo "2559"]
[PlyCount "90"]
[EventDate "2007.09.02"]

1. d4 Nf6 2. Bg5 d5 3. e3 Nbd7 4. Nf3 g6 5. c4 dxc4 6. Bxc4 Bg7 7. Nc3 O-O 8.
O-O c6 9. Qc2 b5 10. Bd3 Bb7 11. Ne4 Nxe4 12. Bxe4 Rc8 13. Rac1 Re8 14. Rfd1
Qb6 15. b4 a5 16. a3 axb4 17. axb4 Bf8 18. h4 Nf6 19. Ne5 Nd5 20. h5 Nxb4 21.
Qb1 c5 22. hxg6 hxg6 23. Nd7 Bxe4 24. Qxe4 Qc6 25. Nxc5 Nd5 26. Qh4 f5 27. Nd3
Qe6 28. Bh6 Bg7 29. Nc5 Qf6 30. Bg5 Qf7 31. Ra1 e5 32. Ra6 Nc3 33. Rda1 exd4
34. exd4 Ne2+ 35. Kh1 Nxd4 36. Bf6 Nc6 37. Bxg7 Kxg7 38. Qf4 Qd5 39. Qc1 Rh8+
40. Kg1 Nd4 41. Ra7+ Kg8 42. Qe3 Qxc5 43. Rd7 Qc1+ 44. Rxc1 Rxc1+ 45. Qxc1 Ne2+
0-1

[Event "II Festival"]
[Site "Siracusa ITA"]
[Date "2007.09.03"]
[Round "2"]
[White "Di Martino, Giancarlo"]
[Black "Minniti, Cristiano"]
[Result "0-1"]
[WhiteElo "1724"]
[BlackElo "1548"]
[PlyCount "99"]
[EventDate "2007.09.02"]

1. e4 d5 2. exd5 Nf6 3. c4 e6 4. dxe6 Bxe6 5. Nf3 Bb4 6. a3 Bd6 7. d4 O-O 8.
Be2 c6 9. O-O Nbd7 10. Nc3 Qc7 11. c5 Be7 12. Qd2 Rad8 13. Qf4 Qxf4 14. Bxf4
Nd5 15. Bg3 N7f6 16. Nd2 Nxc3 17. bxc3 Nd5 18. Ne4 f5 19. c4 fxe4 20. cxd5 Bxd5
21. Rab1 Bf6 22. Rfd1 Rf7 23. Be5 Bxe5 24. dxe5 Re8 25. f4 exf3 26. Bxf3 Rxe5
27. Bxd5 cxd5 28. Rb2 Rc7 29. Rdb1 Ree7 30. a4 Red7 31. Kf1 Kf7 32. Ke2 Ke6 33.
Kd3 h5 34. Kd4 Kf5 35. h3 Kf4 36. Rf1+ Kg5 37. Rbf2 b6 38. Rf5+ Kg6 39. Rxd5
bxc5+ 40. Kc4 Rxd5 41. Kxd5 c4 42. Rc1 c3 43. Kd4 c2 44. Kd3 Kf5 45. Rf1+ Kg5
46. Rc1 Kf4 47. Ke2 Kg3 48. Kf1 g6 49. Kg1 Rd7 50. Rxc2 0-1